| 000 | 00706nam a2200205 a 4500 | ||
|---|---|---|---|
| 001 | 000043861 | ||
| 005 | 20201002045018.0 | ||
| 008 | 140507s1983 sp ac 000 0 spa d | ||
| 020 | _a8474833558 | ||
| 040 |
_aDO-SdBNP _bspa _cBNPHU |
||
| 100 | 1 |
_aGarcía Barquero, Juan _971738 |
|
| 245 | 1 | 0 |
_aCien Años de Teatro Europeo / _cJuan García Barquero, Antonio Zapatero Vicente. |
| 260 |
_aMadrid : _bDirección General de Música y Teatro, _c1983. |
||
| 300 |
_a183 p. ; _c22 cm. |
||
| 490 | 1 | _aMusicalia | |
| 504 | _aBibliografía : p. 181-183 | ||
| 504 | _aIncluye referencias bibliográficas y notas al pie de las páginas | ||
| 700 | 1 | 2 |
_aZapatero Vicente, Antonio _971739 |
| 830 | 0 |
_aMusicalia _971740 |
|
| 999 |
_c43350 _d43350 |
||